000 00359nam a22001577a 4500
005 20160620125337.0
008 160620b xxu||||| |||| 00| 0 eng d
020 _a0-19-280112-0
041 _aeng
082 _b8520
245 _aDictionary of Foreign Word & Phrases
260 _boxford
_c2000
300 _a482
650 _aManagement
_9241
942 _cBK
999 _c3269
_d3268